| 000 | 00985nam a22001935i 4500 | ||
|---|---|---|---|
| 001 | 167662 | ||
| 003 | ES-MaACL | ||
| 005 | 20230906213554.0 | ||
| 008 | 960520s1869 xxu |||| | spa d | ||
| 100 | 1 |
_aVingut, Francisco Javier. _9133785 |
|
| 245 | 1 | 0 |
_aClave de los ejercicios del maestro de inglés : _bcompleto método práctico para aprender a leer, escribir y hablar la lengua inglesa según el sistema de Ollendorff / _cpor D. Francisco Javier Vingut. |
| 250 |
_aEd. enteramente refundida, corr. y notablemente aum. _bpor D. I. de Veitelle. |
||
| 260 |
_aNueva York : _bGeorge R. Lockwood, _c1869. |
||
| 300 |
_a161, 66, 8 p. ; _c20 cm. |
||
| 597 | _aEnc. con: "Catálogo de los libros españoles... George R. Lockwood", 1870 (66 p.) y "Libros de texto... George R. Lockwood", 1870 (8 p.) | ||
| 650 | 4 |
_aLengua inglesa- _vEjercicios prácticos. _9167178 |
|
| 700 | 1 |
_aVeitelle, I. de. _9133588 |
|
| 852 | 4 |
_aES-MaACL _jC-2496 _z- Enc. hol. _z- Legado Modesto de la Fuente |
|
| 999 |
_c167662 _d167662 |
||